[Event "XXIX Miedzynarodowy Festiwal Szachowy CRACOVIA-2018 Grupa B"]
[Site "Krakow, Hotel Galaxy, ul. Gesia 22a"]
[Date "2018.12.29"]
[Round "4.16"]
[White "Bakalarz, Leszek"]
[Black "Slabek, Grzegorz"]
[Result "1-0"]
[WhiteElo "1927"]
[BlackElo "1967"]
[PlyCount "83"]
[EventDate "2018.??.??"]

1. e4 d5 2. exd5 Nf6 3. d4 Nxd5 4. c4 Nb6 5. Nf3 g6 6. Nc3 Bg7 7. Be3 O-O 8. h3
c6 9. Qd2 Re8 10. O-O-O Be6 11. b3 a5 12. a4 Na6 13. Ng5 Bc8 14. f4 Nb4 15. Na2
Nxa2+ 16. Qxa2 Qc7 17. g4 f6 18. Nf3 Be6 19. Bd3 Bf7 20. Rhe1 Nd7 21. Qc2 Qd6
22. Kb1 b5 23. cxb5 cxb5 24. Bxb5 Rec8 25. Qb2 Nb6 26. Rc1 Nd5 27. Bd2 Nxf4 28.
Rxc8+ Rxc8 29. Bxa5 Qd5 30. Nd2 f5 31. Bc3 fxg4 32. hxg4 Qd6 33. Nc4 Bxc4 34.
Bxc4+ Rxc4 35. bxc4 Nd3 36. c5 Qf4 37. Qb3+ Kf8 38. Rd1 Nf2 39. Rf1 Bxd4 40.
Bxd4 Qxd4 41. Qf3+ Kg7 42. Rxf2 1-0

[Event "XXIX Miedzynarodowy Festiwal Szachowy CRACOVIA-2018 Grupa B"]
[Site "Krakow, Hotel Galaxy, ul. Gesia 22a"]
[Date "2018.12.29"]
[Round "4.17"]
[White "Podgorski, Maciej"]
[Black "Jankowiak, Piotr"]
[Result "0-1"]
[WhiteElo "1841"]
[BlackElo "1952"]
[PlyCount "70"]
[EventDate "2018.??.??"]

1. e4 e5 2. Nf3 Nf6 3. Nxe5 d6 4. Nf3 Nxe4 5. Nc3 Nxc3 6. dxc3 Be7 7. Be3 Nc6
8. Bd3 Be6 9. Qd2 Ne5 10. Be2 Qd7 11. b3 Nxf3+ 12. Bxf3 c6 13. c4 Bg4 14. Qd4
Bxf3 15. Qxg7 O-O-O 16. gxf3 Rhg8 17. Qxf7 d5 18. Qh5 Bb4+ 19. Kf1 d4 20. Bf4
d3 21. Rd1 d2 22. Bg3 Rde8 23. Kg2 Rgf8 24. c5 Rf5 25. Qg4 Qd5 26. a3 h5 27.
Qg7 Rf7 28. Qh6 Rxf3 29. Kh3 Qf5+ 30. Kg2 Qe4 31. Kh3 Qg4+ 32. Kg2 Bc3 33. Qd6
Be5 34. Qh6 h4 35. Rxd2 hxg3 0-1

[Event "XXIX Miedzynarodowy Festiwal Szachowy CRACOVIA-2018 Grupa B"]
[Site "Krakow, Hotel Galaxy, ul. Gesia 22a"]
[Date "2018.12.29"]
[Round "4.18"]
[White "Zelak, Wladyslaw"]
[Black "Dzida, Kamil"]
[Result "1-0"]
[WhiteElo "1833"]
[BlackElo "1951"]
[PlyCount "83"]
[EventDate "2018.??.??"]

1. e4 c5 2. Nf3 d6 3. d4 cxd4 4. Nxd4 Nf6 5. Nc3 a6 6. h3 e6 7. Qf3 Be7 8. Be3
O-O 9. g4 Nfd7 10. O-O-O Nc6 11. h4 Nxd4 12. Bxd4 b5 13. e5 d5 14. Qe3 b4 15.
Na4 Qa5 16. b3 Bb7 17. Kb1 Rfc8 18. f4 Nc5 19. Nxc5 Bxc5 20. f5 Bxd4 21. Rxd4
Qc7 22. Bd3 exf5 23. gxf5 Re8 24. Re1 f6 25. e6 Qe7 26. Rg4 Kh8 27. Reg1 Rg8
28. R4g3 Qc7 29. Be2 Rac8 30. Qd3 Qe5 31. Re3 Qh2 32. Re1 Qxh4 33. Qd2 d4 34.
Rd3 Rgd8 35. e7 Rd7 36. Bf3 Re8 37. Bxb7 Rxb7 38. Rxd4 Qh5 39. Rd8 Qf7 40.
Rxe8+ Qxe8 41. Qd8 Rb8 42. Qxb8 1-0

[Event "XXIX Miedzynarodowy Festiwal Szachowy CRACOVIA-2018 Grupa B"]
[Site "Krakow, Hotel Galaxy, ul. Gesia 22a"]
[Date "2018.12.29"]
[Round "4.21"]
[White "Panek, Bartosz"]
[Black "Gulie, Cosmin"]
[Result "1/2-1/2"]
[WhiteElo "1871"]
[BlackElo "2055"]
[PlyCount "60"]
[EventDate "2018.??.??"]

1. e4 c5 2. Nf3 g6 3. d4 cxd4 4. Nxd4 Nc6 5. Nc3 Bg7 6. Be3 Nf6 7. Nxc6 bxc6 8.
e5 Ng8 9. f4 Nh6 10. Bd3 d6 11. exd6 exd6 12. O-O O-O 13. Qf3 d5 14. Bc5 Re8
15. Rae1 Bf5 16. Rxe8+ Qxe8 17. Ne2 Bxd3 18. Qxd3 Qd7 19. Nd4 Re8 20. c3 Bxd4+
21. Bxd4 Nf5 22. Bf2 Nd6 23. Re1 Rxe1+ 24. Bxe1 Ne4 25. Bf2 Nxf2 26. Kxf2 Qd6
27. g3 Qc5+ 28. Qe3 Qb5 29. Qe8+ Kg7 30. Qe5+ Kg8 1/2-1/2

[Event "XXIX Miedzynarodowy Festiwal Szachowy CRACOVIA-2018 Grupa B"]
[Site "Krakow, Hotel Galaxy, ul. Gesia 22a"]
[Date "2018.12.29"]
[Round "4.23"]
[White "Pastuszko, Kinga"]
[Black "Shamatava, Nikolozi"]
[Result "1-0"]
[WhiteElo "2029"]
[BlackElo "1866"]
[PlyCount "51"]
[EventDate "2018.??.??"]

1. e4 c5 2. Nf3 e6 3. d4 cxd4 4. Nxd4 a6 5. Bd3 Bc5 6. Nb3 Ba7 7. Qg4 Nf6 8.
Qg3 d6 9. O-O Rg8 10. Kh1 Nc6 11. f4 Qc7 12. f5 e5 13. Bg5 Qe7 14. Nc3 h6 15.
Nd5 Nxe4 16. Bxe4 Qxg5 17. Nc7+ Kd7 18. Qxg5 hxg5 19. Nxa8 b6 20. f6 g6 21.
Rad1 Bb7 22. Nxb6+ Bxb6 23. Nd2 Kc7 24. Nc4 Bc5 25. c3 Nd8 26. b4 1-0

[Event "XXIX Miedzynarodowy Festiwal Szachowy CRACOVIA-2018 Grupa B"]
[Site "Krakow, Hotel Galaxy, ul. Gesia 22a"]
[Date "2018.12.29"]
[Round "4.24"]
[White "Kaminski, Maciej"]
[Black "Widla, Piotr"]
[Result "0-1"]
[WhiteElo "1862"]
[BlackElo "2024"]
[PlyCount "54"]
[EventDate "2018.??.??"]

1. e4 c5 2. Nf3 d6 3. d4 cxd4 4. Nxd4 Nf6 5. Nc3 a6 6. Bg5 e6 7. f4 Be7 8. Qf3
Qc7 9. O-O-O h6 10. Bh4 Bd7 11. e5 dxe5 12. fxe5 Qxe5 13. Bg3 Qg5+ 14. Bf4 Qg4
15. Qxb7 Qxf4+ 16. Kb1 O-O 17. Qxa8 Nc6 18. Nce2 Qc7 19. Qxa6 Nb4 20. Qa3 e5
21. Qc3 Qd6 22. Qg3 Ne4 23. Qf3 Bc6 24. Qe3 Bg5 25. Qb3 exd4 26. Rxd4 Nd2+ 27.
Rxd2 Qxd2 0-1

[Event "XXIX Miedzynarodowy Festiwal Szachowy CRACOVIA-2018 Grupa B"]
[Site "Krakow, Hotel Galaxy, ul. Gesia 22a"]
[Date "2018.12.29"]
[Round "4.25"]
[White "Hrymowicz, Artur"]
[Black "Bartoszewicz, Marcin"]
[Result "0-1"]
[WhiteElo "2024"]
[BlackElo "1853"]
[PlyCount "62"]
[EventDate "2018.??.??"]

1. e4 e5 2. Nf3 Nc6 3. d4 exd4 4. Nxd4 Nf6 5. Nxc6 bxc6 6. e5 Nd5 7. c4 Bb4+ 8.
Bd2 Bxd2+ 9. Nxd2 Nf4 10. g3 Ng6 11. f4 f6 12. Qh5 O-O 13. Bd3 d6 14. O-O-O
dxe5 15. Nf3 Qe8 16. fxe5 f5 17. Kb1 Be6 18. Rhe1 Rd8 19. Ng5 h6 20. Nxe6 Qxe6
21. g4 Rxd3 22. Rxd3 Nf4 23. gxf5 Qxc4 24. Rc3 Qxc3 25. bxc3 Nxh5 26. e6 Nf6
27. Kc2 Rd8 28. c4 Rd4 29. Kc3 Rf4 30. Re5 Ne4+ 31. Kd4 Nd6+ 0-1

[Event "XXIX Miedzynarodowy Festiwal Szachowy CRACOVIA-2018 Grupa B"]
[Site "Krakow, Hotel Galaxy, ul. Gesia 22a"]
[Date "2018.12.29"]
[Round "4.26"]
[White "Butyrowski, Marcel"]
[Black "Wiejaczka, Bartlomiej"]
[Result "1/2-1/2"]
[WhiteElo "1802"]
[BlackElo "2006"]
[PlyCount "56"]
[EventDate "2018.??.??"]

1. d4 Nf6 2. c4 c5 3. Nf3 g6 4. Nc3 cxd4 5. Nxd4 Nc6 6. g3 d5 7. Bg2 Nxd4 8.
Qxd4 dxc4 9. Qxc4 Bg7 10. O-O O-O 11. Bf4 Qb6 12. Na4 Qa5 13. Bc7 Be6 14. Bxa5
Bxc4 15. Bxb7 Rab8 16. Bf3 Rfc8 17. a3 Nd5 18. Rac1 e6 19. Nc3 Bb3 20. Nxd5
exd5 21. Bc3 Bxc3 22. bxc3 a5 23. a4 Bxa4 24. Ra1 Bb3 25. Rxa5 Rxc3 26. Bxd5
Bxd5 27. Rxd5 Rc2 28. e3 Rbb2 1/2-1/2

[Event "XXIX Miedzynarodowy Festiwal Szachowy CRACOVIA-2018 Grupa B"]
[Site "Krakow, Hotel Galaxy, ul. Gesia 22a"]
[Date "2018.12.29"]
[Round "4.30"]
[White "Alothman, Abdul Wahab"]
[Black "Adamczyk, Zuzanna"]
[Result "1/2-1/2"]
[WhiteElo "1965"]
[BlackElo "1842"]
[PlyCount "74"]
[EventDate "2018.??.??"]

1. d4 Nf6 2. Nf3 e6 3. e3 b6 4. Bd3 Bb7 5. O-O Be7 6. Nbd2 d6 7. b3 Nbd7 8. Bb2
c5 9. c4 O-O 10. Qe2 Qc7 11. Rad1 e5 12. d5 Ne8 13. e4 g6 14. Ne1 Ng7 15. g3 f5
16. exf5 gxf5 17. f3 Rae8 18. Qg2 Bf6 19. g4 e4 20. Bxf6 Nxf6 21. fxe4 fxg4 22.
Nc2 Bc8 23. Ne3 Re5 24. Rf2 Kh8 25. Ndf1 Ngh5 26. Ng3 Nxg3 27. Qxg3 Qg7 28.
Rdf1 Kg8 29. Qh4 Rh5 30. Qxh5 Nxh5 31. Rxf8+ Qxf8 32. Rxf8+ Kxf8 33. e5 dxe5
34. Bxh7 Ke7 35. Bf5 Bxf5 36. Nxf5+ Kf6 37. Nd6 Nf4 1/2-1/2

[Event "XXIX Miedzynarodowy Festiwal Szachowy CRACOVIA-2018 Grupa B"]
[Site "Krakow, Hotel Galaxy, ul. Gesia 22a"]
[Date "2018.12.29"]
[Round "4.32"]
[White "Jedynak, January"]
[Black "Mielczarek, Daniel"]
[Result "1/2-1/2"]
[WhiteElo "1759"]
[BlackElo "1930"]
[PlyCount "48"]
[EventDate "2018.??.??"]

1. e4 c6 2. d4 d5 3. exd5 cxd5 4. Bd3 Nf6 5. c3 Bg4 6. Qb3 Qb6 7. Qxb6 axb6 8.
Na3 e6 9. Nb5 Na6 10. Bf4 Kd7 11. h3 Bh5 12. Ne2 Bxe2 13. Kxe2 Ne8 14. Rhe1 Nd6
15. Nxd6 Bxd6 16. Bxd6 Kxd6 17. Bxa6 bxa6 18. Kd3 Rhc8 19. a4 h6 20. h4 g5 21.
hxg5 hxg5 22. Rh1 Rh8 23. b3 f6 24. c4 Rac8 1/2-1/2

[Event "XXIX Miedzynarodowy Festiwal Szachowy CRACOVIA-2018 Grupa B"]
[Site "Krakow, Hotel Galaxy, ul. Gesia 22a"]
[Date "2018.12.29"]
[Round "4.33"]
[White "Zaboklicki, Zbigniew"]
[Black "Jeda, Maciej"]
[Result "0-1"]
[WhiteElo "1742"]
[BlackElo "1917"]
[PlyCount "102"]
[EventDate "2018.??.??"]

1. Nf3 Nf6 2. c4 g6 3. Nc3 Bg7 4. g3 O-O 5. Bg2 d6 6. O-O Nc6 7. d3 e5 8. Rb1
Be6 9. Ng5 Bd7 10. b4 Rb8 11. a3 Ne7 12. b5 Qc8 13. Re1 c6 14. a4 h6 15. Nge4
Nxe4 16. Nxe4 d5 17. Ba3 Qd8 18. cxd5 cxd5 19. Nc3 d4 20. Ne4 Be6 21. Rc1 Bd5
22. Qc2 f5 23. Nd2 Bxg2 24. Kxg2 Re8 25. Bxe7 Rxe7 26. Qc4+ Kh7 27. Rc2 Qd7 28.
Qc5 Qd8 29. f3 b6 30. Qc4 Qe8 31. Qc6 Qf7 32. Qc4 Qf6 33. Qc6 Qf7 34. Qc4 Qf8
35. Rec1 Rbe8 36. Rf1 Qf6 37. Rfc1 h5 38. Rf1 h4 39. Rh1 Qg5 40. Nf1 e4 41. f4
Qg4 42. dxe4 Rxe4 43. Kf2 g5 44. fxg5 f4 45. Qd3 Kh8 46. Qf3 Qxg5 47. g4 Qh6
48. h3 Qe6 49. g5 d3 50. Qxd3 Bd4+ 51. Kf3 Qd5 0-1

[Event "XXIX Miedzynarodowy Festiwal Szachowy CRACOVIA-2018 Grupa B"]
[Site "Krakow, Hotel Galaxy, ul. Gesia 22a"]
[Date "2018.12.29"]
[Round "4.34"]
[White "Kaniak, Justyna"]
[Black "Serra Azul Neto, Francisco"]
[Result "0-1"]
[WhiteElo "1729"]
[BlackElo "1915"]
[PlyCount "82"]
[EventDate "2018.??.??"]

1. e4 d5 2. exd5 Nf6 3. d4 Nxd5 4. Nf3 g6 5. c4 Nb6 6. h3 Bg7 7. Nc3 O-O 8. Bf4
c6 9. Rc1 Be6 10. Ne4 Na6 11. Be2 Bf5 12. Ng3 Nd7 13. Nxf5 Qa5+ 14. Qd2 Qxf5
15. g4 Qe4 16. O-O e5 17. dxe5 c5 18. Ng5 Qc6 19. Bf3 Qc8 20. Rfe1 Nc7 21. Rcd1
Nb6 22. b3 Re8 23. Ne4 Ne6 24. Nd6 Nd4 25. Qxd4 cxd4 26. Nxc8 Raxc8 27. Rxd4
Re7 28. c5 Nd7 29. Bxb7 Rxc5 30. Red1 Nf8 31. Rd8 Rxb7 32. e6 fxe6 33. Bd6 Rd5
34. Rc1 Rb6 35. Bc7 Rxd8 36. Bxd8 Rb8 37. Be7 Be5 38. Bxf8 Rxf8 39. Re1 Bd4 40.
Rxe6 Bxf2+ 41. Kg2 Bb6 0-1

[Event "XXIX Miedzynarodowy Festiwal Szachowy CRACOVIA-2018 Grupa B"]
[Site "Krakow, Hotel Galaxy, ul. Gesia 22a"]
[Date "2018.12.29"]
[Round "4.38"]
[White "Bugaev, Anton"]
[Black "Kawula, Andrzej"]
[Result "1-0"]
[WhiteElo "1722"]
[BlackElo "1902"]
[PlyCount "75"]
[EventDate "2018.??.??"]

1. d4 d5 2. c4 e6 3. Nf3 f5 4. g3 Nf6 5. Bg2 c6 6. O-O Be7 7. b3 O-O 8. Ba3
Bxa3 9. Nxa3 Ne4 10. e3 Nd7 11. Nc2 a5 12. Nce1 b5 13. cxb5 cxb5 14. a3 b4 15.
axb4 Ba6 16. Nd3 axb4 17. Re1 Bxd3 18. Qxd3 Qb6 19. Bf1 Ra3 20. Rxa3 bxa3 21.
Ra1 Ra8 22. Qb5 Qxb5 23. Bxb5 Nb6 24. Bc6 Ra7 25. Ne5 a2 26. Nd3 Nc3 27. Nc1
Kf8 28. Kf1 Ke7 29. Ke1 Kd6 30. Be8 g6 31. Kd2 Ne4+ 32. Ke1 Rc7 33. Nxa2 Rc2
34. Nb4 Rxf2 35. Ra6 Kc7 36. Ra7+ Kd8 37. Bf7 Rxh2 38. Nc6+ 1-0

[Event "XXIX Miedzynarodowy Festiwal Szachowy CRACOVIA-2018 Grupa B"]
[Site "Krakow, Hotel Galaxy, ul. Gesia 22a"]
[Date "2018.12.29"]
[Round "4.39"]
[White "Skurniak, Szymon"]
[Black "Leczek, Weronika"]
[Result "1/2-1/2"]
[WhiteElo "1895"]
[BlackElo "1771"]
[PlyCount "99"]
[EventDate "2018.??.??"]

1. e4 c5 2. f4 Nc6 3. Nf3 g6 4. Bb5 Bg7 5. Bxc6 bxc6 6. d3 Rb8 7. Nc3 d5 8. O-O
e6 9. e5 Ba6 10. b3 Bb5 11. Qe1 h5 12. Qf2 Bf8 13. Ne2 Nh6 14. h3 Be7 15. Rd1
Ba6 16. Nc3 Bb5 17. a4 Ba6 18. Ba3 Qa5 19. Ne2 Rb7 20. Bc1 Nf5 21. Bd2 Qd8 22.
Ng3 Bh4 23. Nxh4 Qxh4 24. Nxf5 Qxf2+ 25. Kxf2 gxf5 26. Be3 d4 27. Bc1 Rd7 28.
Ba3 Rd5 29. Rac1 f6 30. exf6 Kf7 31. c4 dxc3 32. Rxc3 Rhd8 33. Ke2 e5 34. Bxc5
e4 35. Be7 Rxd3 36. Bxd8 Rxc3+ 37. Ke1 e3 38. b4 Bc4 39. a5 Rc2 40. Rd7+ Kg6
41. f7 Rc1+ 42. Rd1 Rxd1+ 43. Kxd1 Kxf7 44. Bc7 Ke6 45. Bb8 a6 46. Ba7 e2+ 47.
Kd2 Kd5 48. Bf2 Ke4 49. Bg3 Bb5 50. h4 1/2-1/2

[Event "XXIX Miedzynarodowy Festiwal Szachowy CRACOVIA-2018 Grupa B"]
[Site "Krakow, Hotel Galaxy, ul. Gesia 22a"]
[Date "2018.12.29"]
[Round "4.40"]
[White "Czaplewska, Klara"]
[Black "Cichon, Jakub"]
[Result "1/2-1/2"]
[WhiteElo "1890"]
[BlackElo "1558"]
[PlyCount "92"]
[EventDate "2018.??.??"]

1. e4 c5 2. Nf3 d6 3. d4 cxd4 4. Nxd4 Nf6 5. Nc3 a6 6. Be2 e5 7. Nb3 Be6 8. Bg5
Nbd7 9. O-O Be7 10. Re1 O-O 11. Bf3 Qc7 12. Nd2 Rac8 13. Nf1 Rfd8 14. a4 Nb6
15. Ne3 Rd7 16. Bxf6 Bxf6 17. Bg4 Bxg4 18. Qxg4 Qd8 19. a5 Na8 20. Ned5 Bg5 21.
Rad1 Kh8 22. Rd3 f6 23. Red1 Rc5 24. b4 Rc6 25. h4 Bh6 26. Qh5 Qf8 27. Qf5 Rd8
28. g4 Nc7 29. Rf3 Nxd5 30. Nxd5 Bf4 31. c3 Rdc8 32. Nxf4 exf4 33. Qxf4 Kg8 34.
Qd2 Qe7 35. Qd5+ Qf7 36. Rfd3 Qxd5 37. Rxd5 Rxc3 38. Rxd6 R3c4 39. Rd8+ Rxd8
40. Rxd8+ Kf7 41. Rd7+ Kg6 42. Rxb7 Rxe4 43. f3 Re2 44. Rb6 Rb2 45. Rxa6 Rxb4
46. Kg2 h5 1/2-1/2

[Event "XXIX Miedzynarodowy Festiwal Szachowy CRACOVIA-2018 Grupa B"]
[Site "Krakow, Hotel Galaxy, ul. Gesia 22a"]
[Date "2018.12.29"]
[Round "4.41"]
[White "Kalkowski, Igor"]
[Black "Szalko, Maciej"]
[Result "0-1"]
[WhiteElo "1716"]
[BlackElo "1889"]
[PlyCount "100"]
[EventDate "2018.??.??"]

1. e4 c5 2. Nc3 e6 3. f4 b6 4. Nf3 Bb7 5. d3 Nc6 6. g3 Be7 7. Bg2 h5 8. h3 Qc7
9. O-O a6 10. Ne2 f6 11. Nh4 Bd6 12. Ng6 Rh7 13. e5 fxe5 14. Be4 Nf6 15. fxe5
Nxe5 16. Bxb7 Qxb7 17. Nh4 O-O-O 18. Bg5 Re8 19. Nf4 Nf7 20. Bxf6 gxf6 21. Qe2
Rg8 22. Nxh5 Rg5 23. Nxf6 Rxg3+ 24. Ng2 Ng5 25. Nxh7 Nxh7 26. h4 Qd5 27. Qe4
Qh5 28. Qa8+ Kc7 29. Qa7+ Kd8 30. Qxb6+ Bc7 31. Qb7 Qxh4 32. Rf7 Ke8 33. Rxh7
Qxh7 34. Qxc7 Qg7 35. Qc8+ Ke7 36. Qxc5+ Ke8 37. Qc8+ Ke7 38. Qb7 Qd4+ 39. Kf1
Rg5 40. Re1 Rf5+ 41. Ke2 Rf2+ 42. Kd1 Qg4+ 43. Kc1 Rxg2 44. Qxa6 Qg5+ 45. Kb1
Rg1 46. Qa3+ Kf7 47. Qb4 Qe3 48. Qf4+ Qxf4 49. Rxg1 e5 50. b3 d5 0-1

[Event "XXIX Miedzynarodowy Festiwal Szachowy CRACOVIA-2018 Grupa B"]
[Site "Krakow, Hotel Galaxy, ul. Gesia 22a"]
[Date "2018.12.29"]
[Round "4.42"]
[White "Slezinski, Nikodem"]
[Black "Kostecka, Marika"]
[Result "1-0"]
[WhiteElo "2074"]
[BlackElo "1808"]
[PlyCount "123"]
[EventDate "2018.??.??"]

1. e4 c5 2. Nc3 Nc6 3. Bb5 Nd4 4. Bc4 e6 5. Nge2 a6 6. d3 b5 7. Bb3 Nxb3 8.
axb3 d5 9. exd5 exd5 10. d4 Bb7 11. O-O c4 12. Re1 Bb4 13. Ng3+ Ne7 14. f4 O-O
15. f5 f6 16. Qg4 Bc8 17. Qf3 Rb8 18. Rf1 Ba5 19. Bf4 Rb7 20. Be3 Rb8 21. Rad1
Bxc3 22. bxc3 cxb3 23. cxb3 a5 24. Qh5 Qe8 25. Bf4 Qxh5 26. Nxh5 Rb7 27. g4 g6
28. Ng3 Rd8 29. fxg6 hxg6 30. g5 f5 31. Ra1 Ra7 32. Be5 Kf7 33. Rf4 Nc6 34. Bf6
Rdd7 35. Rh4 Bb7 36. Rh7+ Ke6 37. Rh6 a4 38. bxa4 Rxa4 39. Re1+ Kd6 40. Rxg6
Kc7 41. Rb1 f4 42. Ne2 f3 43. Nf4 Ra2 44. Rf1 Ra3 45. Rg7 Rxg7 46. Bxg7 Ne7 47.
Bf8 Kd7 48. Re1 f2+ 49. Kxf2 Ra2+ 50. Re2 Rxe2+ 51. Kxe2 Nf5 52. Bb4 Ke8 53.
Kf3 Kf7 54. Kg4 Bc8 55. Kh5 Ne3 56. Ba5 Bf5 57. g6+ Kg7 58. Kg5 Be4 59. h4 Ng2
60. Nh5+ Kg8 61. Nf6+ Kg7 62. h5 1-0

[Event "XXIX Miedzynarodowy Festiwal Szachowy CRACOVIA-2018 Grupa B"]
[Site "Krakow, Hotel Galaxy, ul. Gesia 22a"]
[Date "2018.12.29"]
[Round "4.44"]
[White "Kozlowski, Michal"]
[Black "Ilandzis, Spyridon"]
[Result "0-1"]
[WhiteElo "1812"]
[BlackElo "2052"]
[PlyCount "108"]
[EventDate "2018.??.??"]

1. e4 c5 2. Nf3 d6 3. d4 cxd4 4. Nxd4 Nf6 5. f3 a6 6. c4 e5 7. Nc2 Be7 8. Nc3
O-O 9. Be3 Be6 10. Be2 Nc6 11. O-O Nh5 12. Qd2 f5 13. Nd5 fxe4 14. fxe4 Nf6 15.
Bb6 Qd7 16. Bf3 Bd8 17. Be3 b5 18. b3 bxc4 19. bxc4 Na5 20. Qd3 Rc8 21. Na3 Nb7
22. Rad1 Bxd5 23. cxd5 Nc5 24. Bxc5 Rxc5 25. Nc4 Qa7 26. Kh1 Be7 27. Ne3 Rfc8
28. Ng4 Rc2 29. Rd2 R2c3 30. Qe2 Nd7 31. Qf2 Rc1 32. Qxa7 Rxf1+ 33. Qg1 Rcc1
34. Rd1 Rxg1+ 35. Kxg1 Rc2 36. Rb1 Nc5 37. Rb8+ Kf7 38. a4 Nxa4 39. Ra8 Nc5 40.
Ra7 Rb2 41. Ne3 Rb7 42. Ra8 g6 43. Nc4 Rb4 44. Na5 Bg5 45. Kf2 Bf4 46. g3 Rb2+
47. Kf1 Be3 48. Be2 Nxe4 49. Nc4 Rb1+ 50. Kg2 Bc5 51. Rxa6 h5 52. Bf1 Rc1 53.
Ra2 Rd1 54. Rc2 Rxd5 0-1

[Event "XXIX Miedzynarodowy Festiwal Szachowy CRACOVIA-2018 Grupa B"]
[Site "Krakow, Hotel Galaxy, ul. Gesia 22a"]
[Date "2018.12.29"]
[Round "4.45"]
[White "Jamroz, Krzysztof"]
[Black "Lobunets, Vladimir"]
[Result "1-0"]
[WhiteElo "2036"]
[BlackElo "1801"]
[PlyCount "77"]
[EventDate "2018.??.??"]

1. e4 c6 2. Nc3 d5 3. Nf3 dxe4 4. Nxe4 Bf5 5. Ng3 Bg6 6. h4 h6 7. Ne5 Bh7 8.
Qh5 g6 9. Qf3 Nf6 10. Qb3 Qd5 11. Qxb7 Qxe5+ 12. Be2 e6 13. Qxa8 Qc7 14. Ba6
Bc5 15. Qb7 Qe5+ 16. Be2 O-O 17. Qb3 Nbd7 18. Qf3 Nd5 19. c3 Be7 20. d4 Qb8 21.
b3 Kg7 22. Bb2 c5 23. dxc5 Bxc5 24. c4+ N5f6 25. Ne4 Bb4+ 26. Kf1 e5 27. g4
Nxe4 28. Qxe4 g5 29. Qd5 Nf6 30. Qxe5 Qxe5 31. Bxe5 Be4 32. f3 Bb7 33. hxg5
hxg5 34. Bd3 Be7 35. Kf2 Rd8 36. Rad1 Kg8 37. Rh6 Kg7 38. Rh5 Kf8 39. Rh8+ 1-0

[Event "XXIX Miedzynarodowy Festiwal Szachowy CRACOVIA-2018 Grupa B"]
[Site "Krakow, Hotel Galaxy, ul. Gesia 22a"]
[Date "2018.12.29"]
[Round "4.46"]
[White "Dryja, Szymon"]
[Black "Barchuk, Irina"]
[Result "0-1"]
[WhiteElo "1795"]
[BlackElo "2023"]
[PlyCount "84"]
[EventDate "2018.??.??"]

1. d4 Nf6 2. c4 g6 3. Nc3 Bg7 4. e4 d6 5. Be2 O-O 6. Be3 e5 7. d5 a5 8. g4 c6
9. g5 Ne8 10. h4 Nc7 11. Nf3 Bd7 12. h5 Nba6 13. Nh2 Nc5 14. Ng4 b5 15. dxc6
Bxc6 16. f3 b4 17. Nd5 Nxd5 18. cxd5 Bd7 19. Nf2 Qb6 20. Kf1 Bb5 21. Kg2 Rfc8
22. Ng4 Qa6 23. Bxb5 Qxb5 24. Qe1 Nd3 25. Qh4 Nf4+ 26. Bxf4 exf4 27. hxg6 Rc2+
28. Nf2 hxg6 29. Qxf4 Qb6 30. Rhf1 Rac8 31. Qh4 Bd4 32. f4 Rxb2 33. Rab1 Bxf2
34. Qg4 Rcc2 35. Rxb2 Rxb2 36. Qc8+ Kg7 37. f5 Bh4+ 38. Kh1 Qe3 39. f6+ Kh7 40.
Qg4 Qxg5 41. Qxg5 Bxg5 42. e5 dxe5 0-1

[Event "XXIX Miedzynarodowy Festiwal Szachowy CRACOVIA-2018 Grupa B"]
[Site "Krakow, Hotel Galaxy, ul. Gesia 22a"]
[Date "2018.12.29"]
[Round "4.47"]
[White "Marzec, Karol"]
[Black "Dziewonski, Dariusz"]
[Result "0-1"]
[WhiteElo "1996"]
[BlackElo "1757"]
[PlyCount "78"]
[EventDate "2018.??.??"]

1. e4 c5 2. c3 d5 3. exd5 Qxd5 4. d4 e6 5. Nf3 cxd4 6. Qxd4 Nf6 7. Be2 Bc5 8.
Qxd5 Nxd5 9. Nbd2 O-O 10. Ne4 Bb6 11. O-O Nd7 12. a3 N7f6 13. Nxf6+ Nxf6 14. b4
Bd7 15. Bb2 Rfd8 16. a4 Bc6 17. Ne5 Rd2 18. Nxc6 bxc6 19. Bf3 Rxb2 20. Bxc6 Rc8
21. b5 Ng4 22. a5 Bxf2+ 23. Kh1 Rd2 24. h3 Ne5 25. Bb7 Rb8 26. a6 Bb6 27. Rac1
Nd3 28. Rb1 Rd8 29. Kh2 g6 30. Rbd1 Rxd1 31. Rxd1 Ne5 32. Re1 f6 33. Re4 Rd3
34. Re1 Rxc3 35. Rd1 Rc5 36. Rd6 Ng4+ 37. hxg4 Bc7 38. g3 Bxd6 39. b6 Bb8 0-1

[Event "XXIX Miedzynarodowy Festiwal Szachowy CRACOVIA-2018 Grupa B"]
[Site "Krakow, Hotel Galaxy, ul. Gesia 22a"]
[Date "2018.12.29"]
[Round "4.50"]
[White "Koloczek, Maciej"]
[Black "Czyzykiewicz, Rafal"]
[Result "1-0"]
[WhiteElo "1852"]
[BlackElo "1730"]
[PlyCount "55"]
[EventDate "2018.??.??"]

1. e4 c6 2. d4 d5 3. f3 dxe4 4. fxe4 e5 5. Nf3 exd4 6. Bc4 Nd7 7. O-O Ngf6 8.
Bg5 Qb6 9. Bxf6 gxf6 10. Bb3 Bg7 11. Nbd2 d3+ 12. Kh1 dxc2 13. Qxc2 Qc5 14. Qd3
Ne5 15. Nxe5 fxe5 16. Bxf7+ Ke7 17. Qg3 Bf6 18. Qf3 Bg7 19. Nb3 Qd6 20. Rad1
Qh6 21. Qc3 Bf6 22. Bc4 Bg4 23. Qb4+ Ke8 24. Qxb7 Bxd1 25. Qf7+ Kd8 26. Rxd1+
Kc8 27. Ba6+ Kb8 28. Qb7# 1-0

[Event "XXIX Miedzynarodowy Festiwal Szachowy CRACOVIA-2018 Grupa B"]
[Site "Krakow, Hotel Galaxy, ul. Gesia 22a"]
[Date "2018.12.29"]
[Round "4.51"]
[White "Alhejab, Meshal"]
[Black "Pilch, Anna"]
[Result "1-0"]
[WhiteElo "1497"]
[BlackElo "1838"]
[PlyCount "99"]
[EventDate "2018.??.??"]

1. e4 c5 2. Nf3 d6 3. d4 cxd4 4. Nxd4 Nf6 5. Nc3 Nc6 6. Be3 e6 7. Be2 Be7 8.
Qd2 O-O 9. O-O-O a6 10. f4 Qc7 11. Bf3 Nxd4 12. Bxd4 e5 13. Be3 b5 14. Nd5 Nxd5
15. exd5 exf4 16. Bxf4 Bf5 17. Rde1 Bf6 18. Be4 Bxe4 19. Rxe4 a5 20. g4 g6 21.
Bh6 Rfe8 22. Rhe1 Rxe4 23. Rxe4 Qd7 24. Qe2 Be5 25. Bf4 f6 26. Kb1 a4 27. a3
Rc8 28. Qd1 Qb7 29. Bxe5 fxe5 30. Re3 b4 31. axb4 Qxb4 32. h3 Rb8 33. Qc1 a3
34. Rb3 axb2 35. Qf1 Ra8 36. Rxb4 Ra1+ 37. Kxb2 Rxf1 38. Rb6 Kf7 39. Rxd6 Rd1
40. c4 h5 41. gxh5 gxh5 42. Re6 Rd3 43. Rxe5 Rxh3 44. c5 h4 45. c6 Rh2+ 46. Kb3
Rh1 47. c7 Rc1 48. d6 h3 49. d7 h2 50. Rh5 1-0

[Event "XXIX Miedzynarodowy Festiwal Szachowy CRACOVIA-2018 Grupa B"]
[Site "Krakow, Hotel Galaxy, ul. Gesia 22a"]
[Date "2018.12.29"]
[Round "4.52"]
[White "Wilk, Tomasz"]
[Black "Mirowska, Oliwia"]
[Result "0-1"]
[WhiteElo "1911"]
[BlackElo "1720"]
[PlyCount "38"]
[EventDate "2018.??.??"]

1. e4 d6 2. f4 g6 3. Nf3 Bg7 4. Nc3 c6 5. Bc4 Nf6 6. d3 Nbd7 7. e5 dxe5 8. fxe5
Ng4 9. e6 fxe6 10. Bxe6 Ndf6 11. Ng5 Qd4 12. Qe2 Qe5 13. Bf7+ Kf8 14. h3 Qg3+
15. Kf1 Nh2+ 16. Kg1 Nfg4 17. Nd1 Bd4+ 18. Ne3 Nxe3 19. c3 Nxg2+ 0-1

[Event "XXIX Miedzynarodowy Festiwal Szachowy CRACOVIA-2018 Grupa B"]
[Site "Krakow, Hotel Galaxy, ul. Gesia 22a"]
[Date "2018.12.29"]
[Round "4.53"]
[White "Vasilenko, Ekaterina"]
[Black "Furtak, Joanna"]
[Result "1-0"]
[WhiteElo "1791"]
[BlackElo "1888"]
[PlyCount "91"]
[EventDate "2018.??.??"]

1. e4 c5 2. Nf3 e6 3. d4 cxd4 4. Nxd4 Nc6 5. Be3 a6 6. c4 Nf6 7. f3 Be7 8. Nc3
d6 9. Be2 O-O 10. O-O Re8 11. Qd2 Qc7 12. Rac1 Ne5 13. b4 Bd7 14. Nd1 Rec8 15.
Nf2 Nc6 16. Nb3 Qd8 17. Nd3 b6 18. a4 Rab8 19. b5 axb5 20. cxb5 Ne5 21. Nxe5
dxe5 22. Qb2 Rxc1 23. Rxc1 Bd6 24. Nd2 Qe7 25. Nc4 Bc5 26. Qxe5 Bxe3+ 27. Nxe3
Ra8 28. Qd4 e5 29. Qxb6 Qb4 30. Nc4 Rxa4 31. Qd8+ Be8 32. b6 Qc5+ 33. Kf1 Rb4
34. Qc7 Qb5 35. Qc8 Kf8 36. Rd1 h6 37. Ra1 Rb3 38. Nd2 Qxb6 39. Nxb3 Qxb3 40.
Qc5+ Kg8 41. Qxe5 Qb7 42. Rd1 Kf8 43. Qd6+ Kg8 44. e5 Nd7 45. Qe7 Qc8 46. Bb5
1-0